000 00386nam a2200145Ia 4500
008 100122s9999 xx 000 0 und d
082 _b31777
_a823
100 _aपाटील देवदत्त
245 _aसौदा
260 _bदुर्गा बुक स्टॉल
_c1905
300 _a334
630 _aसौदा
730 _aसौदा
942 _cBOOK
999 _c416288
_d416285